Studies on the progenies of a Hevea mutant (Record no. 49362)

MARC details
000 -LEADER
fixed length control field 00578nam a2200169Ia 4500
100 ## - MAIN ENTRY--AUTHOR NAME
Personal name Markose V.C.
245 #0 - TITLE STATEMENT
Title Studies on the progenies of a Hevea mutant
260 ## - PUBLICATION, DISTRIBUTION, ETC. (IMPRINT)
Name of publisher In: Genetics, plant breeding and horticulture: Placrosym IV, 1981, Mysore, India. (Ed. S.Vishveshwara). Indian Society for Plantation Crops, Kasaragod, India, pp. 58-61.
Year of publication 1981
650 ## - SUBJECT ADDED ENTRY--TOPICAL TERM
Topical Term Breeding
650 ## - SUBJECT ADDED ENTRY--TOPICAL TERM
Topical Term Mutation
650 ## - SUBJECT ADDED ENTRY--TOPICAL TERM
Topical Term Progeny analysis
700 ## - ADDED ENTRY--PERSONAL NAME
Personal name George P.J.
700 ## - ADDED ENTRY--PERSONAL NAME
Personal name Licy J.
700 ## - ADDED ENTRY--PERSONAL NAME
Personal name Saraswathyamma C.K.
942 ## - ADDED ENTRY ELEMENTS (KOHA)
Koha item type Bibliography STAF
Holdings
Withdrawn status Lost status Damaged status Not for loan Home library Current library Shelving location Date acquired Koha item type
      Bibliography RRII Library RRII Library Botany 09/04/2014 Bibliography STAF